Titres de films contenant le mot Paris - Statistiques

Statistiques générales
  • Ce quiz a été pris 185 fois
  • Le résultat moyen est 4 sur 13
Statistiques - réponses
Indice Titre % Correct
2008 Juliette Binoche - Romain Duris - Fabrice Luchini Paris
90%
2012 Reem Kherici - Cécile Cassel - Tarek Boudali Paris à tout prix
90%
1956 Gabin - Bourvil - De Funès La traversée de Paris
67%
1966 Mireille Mathieu a chanté sa libération Paris brûle t'il
51%
1972 Marlon Brando - Maria Schneider Le dernier tango à Paris
38%
1956 Gina Lollobrigida - Anthony Quinn - Robert Hirsch Notre Dame de Paris
36%
1951 comédie musicale Un américain à Paris
24%
2006 Faany Ardant - Julie Bataille - Leila Bekhti Paris je t'aime
14%
2010 John Travaolta - Jonayhan Rhys From Paris with love
13%
2006 Romain Duris - Louis Garrel - Joana Preiss Dans Paris
10%
2006 Michel Piccoli - Mylène Demongeot Les toits de Paris
4%
1954 Jean Gabin - Arletty L'air de Paris
3%
1952 comédie musicale au printemps Avril à Paris
1%
Aucun quiz correspondant
Distribution des résultats
% des personnes avec chaque résultat
Percentile par nombre de réponses
Votre historique - résultats
Vous n’avez pas pris ce quiz